| 000 | 01464nam0a22003491 4500 | ||
|---|---|---|---|
| 001 | RU\NLR\INFOCOMM_161\5000090363 | ||
| 005 | 20250613105843.0 | ||
| 035 | _a(NLR Aleph) 009536075 | ||
| 090 |
_a8916809 _c8916809 |
||
| 100 | _a20101207d1982 |||y0rusy50 ca | ||
| 101 | 0 |
_aeng _drus |
|
| 102 | _aRU | ||
| 105 | _aa ||||000|y | ||
| 200 | 1 |
_aOn barion number nonconserving multifermion processes at accelerator energies _fS. S. Gershtein, Yu. F. Pirogov |
|
| 210 |
_aSerpukhov _cИн-т физики высоких энергий _d1982 |
||
| 215 |
_a11 с. _cграф. _d24 см |
||
| 225 | 1 |
_aInst. for high energy physics _vIHEP 82-93 |
|
| 300 | _aВ вып. дан.: О многофермионных процессах несохранения барионного числа при ускорительных энергиях / С. С. Герштейн, Ю. Ф. Пирогов | ||
| 300 | _aРез. на рус. яз. | ||
| 300 | _a"Submitted to "Yad. fiz."" | ||
| 320 | _aБиблиогр.: с. 10 | ||
| 606 |
_aБарионные числа _xНесохранение _91142771 _3RU\NLR\AUTH\66136625 |
||
| 686 |
_aВ382.29-2 _2rubbk |
||
| 700 | 1 |
_9z03790 _aGerštejn _bS. S. _4070 |
|
| 701 | 1 |
_9z04790 _aPirogov _bJ. F. _gJurij Fedorovič _4070 |
|
| 790 | 1 |
_9z03700 _aGershtein _bS. S. _4070 |
|
| 790 | 1 |
_9z04701 _aPirogov _bYu. F. _4070 |
|
| 801 | 1 |
_aRU _bNLR _c20101207 |
|
| 801 | 0 |
_aRU _bNLR _gPSBO |
|
| 852 |
_aNLR _jФз01 Д-8/485 |
||
| 942 | _cBOOK | ||
| 980 | _aNB | ||